| 000 | 00771nam a22002050 4500 | ||
|---|---|---|---|
| 003 | PILC | ||
| 005 | 20150825151555.0 | ||
| 008 | /0/3 | ||
| 050 | 0 | 0 |
_aPK 3633.B5 _b.P7 1972 |
| 130 | 0 | _aMahabharata. Bhagavadgita. English. | |
| 245 | 1 | 4 |
_aThe song of God, Bhagavad-gita / _ctranslated by Swami Prabhavananda and Christopher Isherwood ; with an introd. by Aldous Huxley. |
| 260 |
_aNew York : _bNew American Library, _c1972. |
||
| 300 |
_a143 pages ; _c18 cm. |
||
| 440 | 2 | _aA Mentor religious classic. | |
| 500 | _aFirst ed. published in 1944 under title: Bhagavad-gita, the song of God. | ||
| 700 | 1 |
_aPrabhavananda, Swami, _d1893- |
|
| 700 | 1 |
_aIsherwood, Christopher, _d1904- |
|
| 740 | 0 | _aBhagavad-gita. | |
| 942 |
_2lcc _cBK _kFOR |
||
| 999 |
_c288487 _d288487 |
||